| 000 | 01247nam a22002657a 4500 | ||
|---|---|---|---|
| 999 |
_c21741 _d21741 |
||
| 003 | AR-CdUCM | ||
| 008 | 190425b ||||| |||| 00| 0 spa d | ||
| 040 |
_aMUNICIPALIDAD PROVINCIAL DEL CUSCO _cBIBLIOTECA MUNICIPAL DEL CUSCO |
||
| 082 |
_aRev.Univ/N°85/1943 _bRev.Univ/N°85/1943 |
||
| 110 |
_aUniversidad Nacional de San Antonio Abad del Cusco _915942 |
||
| 245 |
_aRevista Universitaria : _bÓrgano de la Universidad del Cuzco / |
||
| 260 |
_aCusco : _c1943. |
||
| 300 |
_a284 páginas. : _c20 cm. |
||
| 440 |
_aRevista Universitaria _nAño XXXII, 2° semestre 1943, N°85 _945931 |
||
| 505 | _aContenido: La trepanación incaica. Sergio A. Quevedo A. -- Origen de los nombres de las calles del Cuzco colonial. Ángel Carreño. -- Revisión analítica de algunos géneros de la flora del Cuzco. César Vargas C. -- Actividades de las sección botánica durante 1943. -- Crónica universitaria. | ||
| 650 |
_aMedicina Inka _945932 |
||
| 650 |
_aBotánica cusqueña _945807 |
||
| 650 |
_aAmbientes urbanos _934658 |
||
| 650 |
_aHistoria urbana _913611 |
||
| 700 |
_aVargas, César _945886 |
||
| 700 |
_aCarreño, Ángel _927901 |
||
| 710 |
_aUniversidad Nacional de San Antonio Abad del Cusco _915942 |
||
| 942 |
_2ddc _cPP |
||
| 945 | _arac | ||